El pensamiento y la acción : Sarmiento intelectual /

De la multifacética vida de Sarmiento, su cara como intelectual y pensador sea tal vez la más importante; para él era obligatoria la labor de implementar el conocimiento bajo la forma de una intervención política sobre la realidad. El campo y la ciudad, sus elementos "bárbaros" y "civ...

Descripción completa

Guardado en:
Autor Principal: Gerson, Pablo
Autor Corporativo: Canal Encuentro.
Otros Autores: Awada, Alejandro; Conducción.
Formato: Deslizar
Publicado: Argentina, 2012
Series:Vidas De Sarmiento
Materias:
Acceso en línea:https://www.educ.ar/recursos/111500/el-pensamiento-y-la-accion-sarmiento-intelectual
Etiquetas: Agregar Etiqueta
Sin Etiquetas, Sea el primero en etiquetar este registro!
LEADER 01434ngm a22003135g 4500
001 CEM.cems023892
008 130507s2012##################0###0#####d
005 20250714171736.0
245 1 0 |a El pensamiento y la acción :  |b Sarmiento intelectual /  |c Pablo Gerson. 
260 |a Argentina,  |c 2012 
300 |a 26'. 
490 0 |a Vidas De Sarmiento 
500 |a Consultar en ventanilla. 
520 |a De la multifacética vida de Sarmiento, su cara como intelectual y pensador sea tal vez la más importante; para él era obligatoria la labor de implementar el conocimiento bajo la forma de una intervención política sobre la realidad. El campo y la ciudad, sus elementos "bárbaros" y "civilizados", son el entorno perfecto para descubrir el origen de las ideas fundacionales en su proyecto de nación. 
538 |a Soporte: DVD - Formato: AVI - Resolución: 720 x 540 - Grabación DRD 
100 1 |a Gerson, Pablo 
710 2 |a Canal Encuentro. 
700 1 |a Awada, Alejandro; Conducción. 
082 9 8 |/ GER 
653 |a HISTORIA 
653 |a HISTORIA ARGENTINA 
653 |a SARMIENTO 
653 |a EDUCACION 
653 |a HISTORIA DE LA EDUCACION 
653 |a LITERATURA 
653 |a LITERATURA ARGENTINA 
653 |a SERIE DE TELEVISIÓN 
856 |u https://www.educ.ar/recursos/111500/el-pensamiento-y-la-accion-sarmiento-intelectual 
859 |a CEMS  |b BIB. CEMS - Depto. Recursos Didacticos  |h 982  |i GER  |k DRD  |p 2535.15  |t Ej.1